| 000 | 00789nam a22002177a 4500 | ||
|---|---|---|---|
| 999 |
_c525741 _d525741 |
||
| 003 | NUST | ||
| 005 | 20190704062928.0 | ||
| 008 | 190704b ||||| |||| 00| 0 eng d | ||
| 038 | _aIESE | ||
| 040 | _c0 | ||
| 082 | _a363.7 SHO | ||
| 100 |
_aAsadullah Shoaib _916680 |
||
| 245 |
_aInvestigating the diurnal and weekly cycle of hcho by using mini mas-doas observations _cAsadullah Shoaib |
||
| 260 |
_aIslamabad _bIESE (SCEE) NUST _c2019 |
||
| 300 |
_a62p. _bH.B |
||
| 440 |
_aMS Environmental Science _91724 |
||
| 500 | _aThesis MS ES | ||
| 650 |
_aEnvironmental Science _91725 |
||
| 700 | _4Dr. M Fahim Khokhar (Supervisor) | ||
| 942 |
_2ddc _cTHE _kIESE |
||